000 00757cam a22002293a 4500
001 19180
003 PGUSA
005 20140828083415.0
008 060905s2006||||xxu|||||s|||||000 | eng d
040 _aPGUSA
_beng
042 _adc
050 4 _aT
245 1 0 _aScientific American, Volume XXIV., No. 12, March 18, 1871 :
_bA Weekly Journal of Practical Information, Art, Science, Mechanics, Chemistry, and Manufactures.
_h[electronic resource] /
_cVarious
260 _bProject Gutenberg,
_c2006
506 _aPublic domain in the USA.
516 _aElectronic text
653 _aScience -- Periodicals
653 _aTechnology -- Periodicals
830 0 _aProject Gutenberg
_v19180
856 4 0 _uhttp://www.gutenberg.org/ebooks/19180
942 _cEB
999 _c248435
_d248435